[Event "Frankfurt-chB"]
[Site "Frankfurt"]
[Date "2017.05.08"]
[Round "3"]
[White "Falk, Aniko Tim"]
[Black "Bjoerknes, Uwe"]
[Result "0-1"]
[WhiteElo "1245"]
[BlackElo "1450"]
[PlyCount "64"]
[EventDate "2017.04.24"]
[EventType "swiss"]
[EventRounds "7"]
[EventCountry "GER"]
[SourceTitle "EXT 2018"]
[Source "ChessBase"]
[SourceDate "2017.10.13"]
[SourceVersion "1"]
[SourceVersionDate "2017.10.13"]
[SourceQuality "1"]

1. e4 d5 2. e5 c5 3. Nf3 Nc6 4. d4 cxd4 5. Bf4 Qb6 6. b3 Bg4 7. Be2 Bxf3 8. Bxf3 e6 9. 0-0 Nge7 10. c3 Ng6 11. Bg3 Be7 12. Bh5 Rc8 13. c4 dxc4 14. bxc4 0-0 15. Bxg6 hxg6 16. Nd2 Rfd8 17. Rc1 Ba3 18. Rb1 Qa6 19. Qb3 b6 20. Ne4 Be7 21. Nd6 Bxd6 22. exd6 Na5 23. Qd3 Qxc4 24. Qxc4 Nxc4 25. Rbc1 e5 26. h4 f5 27. Rfe1 f4 28. Bh2 Kf7 29. g3 f3 30. g4 d3 31. Re4 d2 32. Rd1 Rxd6 0-1